South Carolina State Parks - Statistics

General Stats
  • This quiz has been taken 7 times
  • The average score is 14 of 47
Answer Stats
County State Park / Historic Site % Correct
Pickens Table Rock
100%
Greenville Paris Mountain
83%
Greenville Jones Gap
67%
Lee Lee
67%
Horry Myrtle Beach
67%
Oconee Oconee
67%
Aiken Aiken
50%
Barnwell Barnwell
50%
Colleton Edisto Beach
50%
Georgetown Huntington Beach
50%
York Kings Mountain
50%
Richland Sesquicentennial
50%
Greenville Caesars Head
33%
Chesterfield Cheraw
33%
Chester Chester
33%
Colleton Colleton
33%
Newberry Dreher Island
33%
Dorchester Givhans Ferry
33%
Charleston Hampton Plantation
33%
Beaufort Hunting Island
33%
Dillon Little Pee Dee
33%
Sumter Poinsett
33%
Orangeburg Santee
33%
Lancaster Andrew Jackson
17%
McCormick Baker Creek
17%
Abbeville Calhoun Falls
17%
Charleston Charles Towne Landing
17%
Spartanburg Croft
17%
Oconee Devils Fork
17%
Kershaw Goodale
17%
McCormick Hamilton Branch
17%
McCormick Hickory Knob
17%
Greenwood Lake Greenwood
17%
Oconee Lake Hartwell
17%
Hampton Lake Warren
17%
Chester Landsford Canal
17%
Oconee Oconee Station
17%
Florence Woods Bay
17%
Laurens Battle of Musgrove Hill
0%
Bamberg Battle of Rivers Bridge
0%
Dorchester Colonial Dorchester
0%
Chesterfield H. Cooper Black Memorial Field Trail & Recreation Area
0%
Pickens Keeowee-Toxaway
0%
Fairfield Lake Wateree
0%
Aiken Redcliffe Plantation
0%
Union Rose Hill Plantation
0%
Anderson Sadlers Creek
0%
No matching quizzes found
Score Distribution
Percent of People with Each Score
Percentile by Number Answered
Your Score History
You have not taken this quiz